History of the United States Navy

Bibliographic Details
Format: Book
Published: London : Cherprime , 1988
Subjects:

MARC

LEADER 00000cam a2200000 7i4500
001 0000002876
002 000003112
005 20000330.0
020 |a 1853610615 
090 0 0 |a 359.96   |b HIS 
245 0 0 |a History of the United States Navy 
260 |a London :   |b Cherprime ,   |c 1988 
300 |a 151p. :   |b illust. ;   |c 30 cm. 
650 0 0 |a Navy   |z United States   |x History#   |a Marine forces   |z United States 
999 |a 035229   |b BUKU   |c RUJUKAN   |e PERPUSTAKAAN KOMUNITI PETALING JAYA